DE DEO UNO ET TRINO. (Record no. 265458)

MARC details
000 -LEADER
fixed length control field 01107nam a2200229Ia 4500
001 - CONTROL NUMBER
control field L231-6276
003 - CONTROL NUMBER IDENTIFIER
control field IT-CnALBA
008 - FIXED-LENGTH DATA ELEMENTS--GENERAL INFORMATION
fixed length control field 170116s9999||||xx |||||||||||||| ||und||
040 ## - CATALOGING SOURCE
Original cataloging agency IT-CnALBA
Transcribing agency IT-CnALBA
041 ## - LANGUAGE CODE
Language code of text/sound track or separate title LATINO
999 ## - SYSTEM CONTROL NUMBERS (KOHA)
Koha Dewey Subclass [OBSOLETE] NO
100 ## - MAIN ENTRY--PERSONAL NAME
Personal name PARENTE PIETRO, CARDINALE
245 #0 - TITLE STATEMENT
Title DE DEO UNO ET TRINO.
250 ## - EDITION STATEMENT
Edition statement 5a ed.
260 ## - PUBLICATION, DISTRIBUTION, ETC. (IMPRINT)
Place of publication, distribution, etc. TORINO - ROMA
Name of publisher, distributor, etc. MARIETTI EDITORE
Date of publication, distribution, etc. 1960 [1° Ed.:1960]
300 ## - PHYSICAL DESCRIPTION
Extent 402 p. (prefazione: 5)
500 ## - GENERAL NOTE
General note CONOSCENZA DI DIO. ESISTENZA ED ESSENZA. LA TRINITÀ ESISTENZA. LE PROCESSIONI. LE RELAZIONI. LE PERSONE. PADRE FIGLIO E SPIRITO SANTO. LE MISSIONI. INABITAZIONE TRINITARIA NELL'UOMO. INDICE ANALITICO E ONOMASTICO.
501 ## - WITH NOTE
With note Società San Paolo EM - Piazza San Paolo, 14 - 12051 ALBA (CN) (non commercial uses only) ® Copyright 2017
520 ## - SUMMARY, ETC.
Summary, etc. CONOSCENZA DI DIO. ESISTENZA ED ESSENZA. LA TRINITÀ ESISTENZA. LE PROCESSIONI. LE RELAZIONI. LE PERSONE. PADRE FIGLIO E SPIRITO SANTO. LE MISSIONI. INABITAZIONE TRINITARIA NELL'UOMO. INDICE ANALITICO E ONOMASTICO.
650 ## - SUBJECT ADDED ENTRY--TOPICAL TERM
Topical term or geographic name as entry element DIO TRINITÀ ATTRIBUTI DI DIO
942 ## - ADDED ENTRY ELEMENTS (KOHA)
Koha item type LIBRO
957 ## -
-- 1
999 ## - SYSTEM CONTROL NUMBERS (KOHA)
-- Copie: 1
Holdings
Withdrawn status Lost status Damaged status Not for loan Home library Current library Date acquired Total Checkouts Full call number Date last seen Price effective from Koha item type Public note
    Buone Condizioni Not For Loan ALBA - Biblioteca ALBA - Biblioteca 16/01/2017   L231-6276 16/01/2017 16/01/2017 LIBRO (data import: 16 gennaio 2017) - By Epidotti, Vaglietti.
CREDITS: SOCIETA' SAN PAOLO Via A.Severo, 58 - ROMA (RM) & PERIODICI SAN PAOLO SRL Via Giotto, 36 MILANO & CISF Via Giotto, 36 MILANO & EDIZIONI SAN PAOLO SRL,  Piazza Soncino, 5 CINISELLO BALSAMO (MI) -- ITALY